Integrating the Individual and the Organization

Guardado en:
Detalles Bibliográficos
Autor principal: Argyris, Chris
Formato: Libro
Lenguaje:inglés
Publicado: New Brunswick Transaction Publ. 1995
Edición:3. print.
Materias:
Etiquetas: Agregar Etiqueta
Sin Etiquetas, Sea el primero en etiquetar este registro!

MARC

LEADER 00000nam a2200000 4500
001 c014240
005 20221205133126.6
020 |a 0-88738-803-5 
041 0 |a eng 
044 |a US 
245 1 0 |a Integrating the Individual and the Organization  |c Chris Argyris 
250 |a 3. print. 
264 1 |a New Brunswick  |b Transaction Publ.  |c 1995 
300 |a 330 s. 
610 2 0 |a manažment personálny 
610 2 0 |a psychológia 
610 2 0 |a psychológia priemyselná 
100 1 |a Argyris, Chris